书目信息 |
| 题名: |
活塞式压缩机设计
|
|
| 作者: | ;《活塞式压缩机设计》编写组 编 | |
| 分册: | ||
| 出版信息: | 北京 机械工业出版社 1974 |
|
| 页数: | 711页 | |
| 开本: | 26cm | |
| 丛书名: | ||
| 单 册: | ||
| 中图分类: | TH457.02 | |
| 科图分类: | ||
| 主题词: | 活塞式压缩机--设计 , 压缩机 | |
| 电子资源: | ||
| ISBN: | ||
| 000 | 00682nam0 2200241 45 980 | |
| 001 | 0655165640 | |
| 005 | 20060728083956.03 | |
| 010 | @b精装@dCNY5.45 | |
| 091 | @a15033.4197 | |
| 100 | @a19970613d1974 em y0chiy0121 ea | |
| 101 | 0 | @achi |
| 102 | @aCN@b110000 | |
| 105 | @ay z 000yy | |
| 106 | @ar | |
| 200 | 10 | @a活塞式压缩机设计@Ahuo se shi ya su ji she ji@f《活塞式压缩机设计》编写组编 |
| 210 | @a北京@c机械工业出版社@d1974 | |
| 215 | @a711页@d26cm | |
| 606 | @a活塞式压缩机@x设计 | |
| 606 | 0 | @a压缩机 |
| 690 | @aTH457.02@v3 | |
| 711 | 02 | @a《活塞式压缩机设计》编写组@4编@A《 huo se shi ya su ji she ji》 bian xie zu |
| 801 | 0 | @c20060728 |
| 905 | @dTH457.02@e3 | |
| 活塞式压缩机设计/《活塞式压缩机设计》编写组编 .-北京:机械工业出版社,1974 |
| 711页;26cm |
| ISBN (精装):CNY5.45 |
| ● |
| 相关链接 |
|
|
|
|
正题名:活塞式压缩机设计
索取号:TH457.02/3
 
预约/预借
| 序号 | 登录号 | 条形码 | 馆藏地/架位号 | 状态 | 备注 |
| 1 | 0438624 | 204386244 | 密集书库/ [索取号:TH457.02/3] | 在馆 |